Fragmentos de canciones II - Estadísticas

Estadísticas generales
  • Esta prueba ha sido intentada 94 veces
  • La puntuación promedio es 4 de 16
Estadísticas de respuestas
Hint Respuesta % Correcto
El patio de mi casa huele a flores y pinta el barrio de ____. Y to' me sabe a ti, to' me sabe a ti. Colores
85%
Al partir un beso y una flor, un beso, una caricia y un adiós. Es ligero ____ para tan largo viaje. Las penas pesan en el corazón. Equipaje
85%
No me vale con mis buenas acciones. No me vale con mis buenas acciones. A ella no le vale con que le escriba ____. Ingobernable, el amor de mis amores. Canciones
71%
Con la mano levantá al pasado le digo ____ y al futuro que viene dicen que prende de un hilo. Adiós
39%
Poquito a poco entendiendo que no vale la pena andar por andar, que es mejor ____ pa' ir creciendo Caminar
24%
Se iluminaba bajo el sonido de una melodía lejana. Los dos ____ hasta ver la madrugada Bailamos
21%
Todas las promesas de mi amor se irán contigo. Me olvidarás, me olvidarás. Junto a la ____ lloraré igual que un niño. ¿Por qué te vas? Estación
21%
Todos somos tan desiguales, únicos, ____. Si no te gusta a mí me da igual. De lo peor he pasado y lo mejor está por llegar. Originales
9%
If you're gonna set fire to the ____, baby let me be your lighter Night
7%
Vértigo. ¿Qué pasa si pierdo mi voz? Ardo como el plástico. ¿Qué pasa si me vuelvo esclavo de mi ____? Tentación
5%
Here we are, don't turn away know. We are the ____ that built this town from dust. Warriors
5%
When we get older, plainer, saner, will you remember all the ____ we came from? Danger
4%
La mala vida que me persigue. Los tiempos están cambiando, nosotros también. La calle está ____, guiándome. Ni olvido ni perdón a lo que fuiste ayer Ardiendo
3%
No vuelvas buscando eso que hubo siempre. No quiero ____, te saqué de mi mente. Mientras tú culpabas a la mala suerte, ni supiste cuidarme, ni supiste quererme Acordarme
1%
They say we're out of control and some say we're sinners, but don't let them ruin our beautiful ____. Rhythms
1%
¿Dónde estás? ¿Qué ha pasao con tus llamadas? Si he perdido tu mirada, ¿por qué mi cora' sigue en tu ____? Cajón
0%
No se encontraron pruebas coincidentes
Distribución de puntuación
Porcentaje de gente con cada puntuación
Porcentaje por número respondido
Historial de tus puntuaciones
No has intentado esta prueba.